000 00599nam a2200205Ia 4500
003 OSt
005 20191228093010.0
008 190216s9999||||xx |||||||||||||| ||und||
020 _a9780071230179
020 _a9780070597938
040 _coclc
082 _a330.015195
_bGUJ/B
100 _aGujarati, Damodar N
_9867
245 0 _aBasic Econometrics /
_c Damodar N Gujarati
250 _a4th ed.
260 _bMcgraw-Hill International Edition,
_c2003.
_aSingapore:
300 _a1002p
650 _aEconomics
942 _cBK
_2ddc
_h330.015195
_iGUJ/B
_k330.015195
_mGUJ/B
999 _c10594
_d10594